02355cam a22003857i 450000100090000000300090000900500170001800800410003502000180007603500240009404001050011808200210022310000340024424500550027825000200033326400380035330000540039133600260044533600330047133700280050433800270053249000170055950000280057650400510060450503820065552005670103765000380160465000380164265300220168065500240170290600450172694200120177199900170178395201690180020945971EG-ScBUE20211208095039.0190424s2020 enka f b 001 0 eng d a9780500204535 a(OCoLC)on1140142634 aUKMGBbengerdacUKMGBdOCLCOdOCLCFdYDXdLMJdTXIdGGJdOWSdOCLCOdBDXdUKMGBdOCLdDLCdEG-ScBUE04a709.045bLUC2221 aLucie-Smith, Edward,eauthor.10aMovements in art since 1945 /cEdward Lucie-Smith. aFourth edition. 1aLondon :bThames & Hudson,c2020. a335 pages :billustrations (some color) ;c21 cm. atextbtxt2rdacontent astill imagebsti2rdacontent aunmediatedbn2rdamedia avolumebnc2rdacarrier0 aWorld of art aPrevious edition: 2001. aIncludes bibliographical references and index.0 aAbstract expressionism -- The European scene -- Post-painterly abstraction -- Pop, environments and happenings -- Abstract sculpture, minimal art, conceptual art -- An age of pluralism -- Neo-expressionist tendencies -- The USA--1970s to 1990s -- Issue-based art and globalization -- The rise of video -- The photographic medium -- Post-pop blues -- The present and the future. a"Lucie-Smith demystifies the work of dozens of artists and reveals how the art world has interacted with social, political, and environmental concerns. This book includes detailed coverage of major developments within the artistic community, such as pop art, conceptual and performance work, neo-expressionism, and minimalist art across the globe, including Asia, Africa, and Latin America. A new chapter on art since 2000 includes discussions of work by Banksy and Ai Weiwei, as well as recent trends in art from Russia and Eastern Europe"--Publisher marketing. 7aArt, Moderny20th century.2BUEsh 7aArt, Moderny21st century.2BUEsh bARTcDecember2021 vReading book934232 a7bcbcccopycatd2eepcnf20gy-gencatlg 2ddccBB c29700d29671 00102ddc40708BaccahaMAINbMAINc2NDd2021-12-08ePurchaseg330.00h36257l4m4o709.045 LUCp000056027r2025-07-15 00:00:00s2024-03-30v412.50w2021-12-08yBB